Top 10 Covid-19 getroffen landen - 8 april - Statistieken

Algemene statistieken
  • Deze quiz is 5 keer genomen
  • De gemiddelde score is 4 van 14
Antwoordstatistieken
frequentie
per miljoen
land % Correct
China
67%
2306 Italië
67%
3170 Spanje
67%
1314 Verenigde Staten
67%
Verenigd Koninkrijk
67%
1730 Frankrijk
33%
2019 België
0%
1352 Duitsland
0%
1320 Ierland
0%
Iran
0%
1437 Oostenrijk
0%
1289 Portugal
0%
Turkije
0%
2690 Zwitserland
0%
Geen overeenkomende quizzen gevonden
Scoreverdeling
Procent van Mensen met Elke Score
Percentiel versus Aantal Correcte Antwoorden
Uw Scoregeschiedenis
U heeft deze quiz nog niet genomen